| 000 | 00500nam a2200169Ia 4500 | ||
|---|---|---|---|
| 999 |
_c32591 _d32591 |
||
| 003 | OSt | ||
| 005 | 20200803114943.0 | ||
| 008 | 190216s9999||||xx |||||||||||||| ||und|| | ||
| 020 | _a9788184874150 | ||
| 040 | _coclc | ||
| 082 |
_a515.4 _bBHA/O |
||
| 100 |
_aBhamra, K S _93910 |
||
| 245 | 0 |
_aOrdinary Differential Equations A Graduate Text / _cK S Bhamra |
|
| 260 |
_bNarosa Pubs House, _c2015. _aNew Delhi: |
||
| 300 | _a832p | ||
| 942 |
_cBK _2ddc _h515.4 _iBHA/O _k515.4 _mBHA/O |
||